000 01368nam a2200349 i 4500
001 bg
003 KOSZ 005
005 20200630132820.0
008 080317s1963 pl a f 001 0 pol
015 _aPB 1963/2197
040 _aWA N
_cKOSZ 005/RW
_dKOSZ 005/RW
041 1 _apol
_hger
080 _a53
100 1 _aWeizsäcker, Carl Friedrich von
_d(1912-2007)
245 1 0 _aFizyka współczesna /
_cC. F. von Weizsäcker, J. Juilfs ; z niem. przeł. Wacław Staszewski i Armin Teske ; uzupełnienie "Studia fizyczne w Polsce" napisał Tadeusz Skaliński.
246 1 _iTyt. oryg.:
_aPhysik der Gegenwart.
250 _aWyd. 2.
260 _aWarszawa :
_bPaństwowe Wydawnictwo Naukowe,
_c1963.
300 _a215, [4] s., [4] k. tabl. :
_bil. ;
_c23 cm.
380 _aKsiążki.
490 1 _aBiblioteka Problemów ;
_vt. 37.
504 _aIndeks.
650 4 _aFizyka
700 1 _aJuilfs, Johannes
_d(1911- ).
700 1 _aTeske, Armin
_d(1910-1967).
_eTł.
700 1 _aSkaliński, Tadeusz
_d(1910-1999).
700 1 _aStaszewski, Wacław
_d(1892-1970).
_eTłumaczenie
710 2 _aPaństwowe Wydawnictwo Naukowe
_4pbl.
830 0 _aBiblioteka Problemów,
_vt. 37.
856 _uhttp://koha.tu.koszalin.pl/cgi-bin/koha/opac-detail.pl?biblionumber=10706
_yKatalog online BPK
942 _2UKD
_cKS
999 _c10706
_d10706